Renovación catequística en la situación contemporánea

Guardat en:
Dades bibliogràfiques
Autors principals: Audinet, Jacques (Autor), Bournique, Joseph (Autor)
Format: Llibre
Idioma:espanyol
Publicat: Santiago Oficina Nacional de Catequesis 1968
Col·lecció:Catequesis Hoy, 1
Matèries:
Etiquetes: Afegir etiqueta
Sense etiquetes, Sigues el primer a etiquetar aquest registre!

MARC

LEADER 00000nam a2200000 a 4500
001 UCT7901
003 CL-VaPUC
005 20250103100416.0
008 970317e19680000cl 1 spa d
082 0 4 |a 268  |b AUD  |2 21 
100 1 |a Audinet, Jacques  |e author  |9 618179 
700 1 |a Bournique, Joseph  |e author  |9 618180 
245 1 0 |a Renovación catequística en la situación contemporánea 
260 |a Santiago  |b Oficina Nacional de Catequesis  |c 1968 
300 |a 39 p 
490 0 |a Catequesis Hoy, 1 
583 |a last modification  |c 19970317 00:00:00  |k Rodrigo Vera 
650 0 0 |a Iglesia Católica  |9 256114 
650 0 0 |a Educación religiosa   |9 308312 
650 0 0 |a Religión   |9 255164 
650 0 0 |a Educación moral  |9 308319 
650 0 0 |a Cristianismo  |9 257361 
942 |c BK 
945 |a paguirre  |d 19970317 00:00:00 
546 |a En Español 
518 |p Semana Internacional de Catequesis, Medellín, 11 al 17 de Agosto de 1968 
999 |c 382824  |d 382822 
952 |0 0  |1 0  |2 ddc  |4 0  |6 268_000000000000000_AUD_1968  |7 0  |8 A  |9 504716  |a BIBDER  |b BIBDER  |d 2020-01-23  |i 1809407  |o 268 AUD 1968  |p 1809407  |r 2023-01-25  |w 2020-01-23  |y MX  |k DER